000 00633nam a2200229Ia 4500
003 OSt
005 20221007072026.0
006 a|||||r|||| 00| 0
007 ta
008 221006b |||||||| |||| 00| 0 eng d
024 _a21,555
037 _cTextual
040 _aFLL
_cFLL
_beng
041 _2eng
_aeng
082 _aX:93.2.N6, K4
100 _aFonseca A.J. Au.
245 0 _aWages determination and organized labour in India
260 _aLondon
_bOxford University Press England
_c1964
300 _a241p
_ccm.
942 _hX:93.2.N6, K4
_cTEXL
_2CC
999 _c1145004
_d1145004